| 000 | 00000nam##2200000za#4500 |
| 001 | 9.607848 |
| 003 | CaOODSP |
| 005 | 20240612102648 |
| 007 | cr ||||||||||| |
| 008 | 150406|2000||||xxc|||||o f|0| 0 fre|d |
| 040 | |aCaOODSP|bfre |
| 043 | |an-cn--- |
| 086 | 1 |aRv55-5/11-6-8-2000F-PDF |
| 110 | 2 |aAgence des services frontaliers du Canada. |
| 245 | 10|aVérification de l'origine, du classement tarifaire et de la valeur en douane des marchandises importées |h[ressource électronique] |
| 260 | |aOttawa - Ontario : |bAgence des services frontaliers du Canada |
| 300 | |a11p. |
| 490 | 1 |aMémorandums D des douanes. D11, Renseignements généraux sur le tarif |vD11-6-8, le 21 avril 2000 |
| 590 | |a14-17-Supp|b2014-10-09 |
| 775 | 08|tVerification of origin, tariff classification, and value for duty of imported goods |w(CaOODSP)9.580945 |
| 830 | #0|aMémorandums D des douanes. D11, Renseignements généraux sur le tarif ;|vD11-6-8, le 21 avril 2000|w(CaOODSP)9.816826 |
| 856 | 40|ahttp://publications.gc.ca|qPDF|s24 Ko|uhttps://publications.gc.ca/collections/collection_2014/asfc-cbsa/Rv55-5-11-6-8-2000-fra.pdf|yD11-6-8, le 21 avril 2000 |